study on present of gastro- intestinal parasite in crocodie (crocodylus siamensis) at stoung district, kampong thum province, ការសិក្សាលើវត្តមានបរាសិតក្នុងក្រពះពោះវៀនក្រពើចិញ្ចឹមជាលក្ខណៈគ្រយសារ នៅស្រុកស្ទោង ខេត្តកំពង់ធំ (Record no. 2751)

000 -LEADER
fixed length control field 00755nam a22001337a 4500
040 ## - CATALOGING SOURCE
Transcribing agency RUA
082 ## - DEWEY DECIMAL CLASSIFICATION NUMBER
Classification number AVM CHE 2013 B111 Or.1
100 ## - MAIN ENTRY--AUTHOR NAME
Personal name CHEN, ROTHY.
245 ## - TITLE STATEMENT
Title study on present of gastro- intestinal parasite in crocodie (crocodylus siamensis) at stoung district, kampong thum province, ការសិក្សាលើវត្តមានបរាសិតក្នុងក្រពះពោះវៀនក្រពើចិញ្ចឹមជាលក្ខណៈគ្រយសារ នៅស្រុកស្ទោង ខេត្តកំពង់ធំ
260 ## - PUBLICATION, DISTRIBUTION, ETC. (IMPRINT)
Place of publication Phnom Penh
Name of publisher RUA
Year of publication 2013
300 ## - PHYSICAL DESCRIPTION
Number of Pages vi; 34p.
Other physical details ill.
Dimensions 29cm.
856 ## - ELECTRONIC LOCATION AND ACCESS
Uniform Resource Identifier https://drive.google.com/file/d/1wft4Rd5clOA5LOtsPq3QnR6blvIng-Qm/view?usp=sharing
942 ## - ADDED ENTRY ELEMENTS (KOHA)
Koha item type AVM
952 ## - LOCATION AND ITEM INFORMATION (KOHA)
Withdrawn status [LOCAL, KOHA] 0
952 ## - LOCATION AND ITEM INFORMATION (KOHA)
Withdrawn status [LOCAL, KOHA] 0
952 ## - LOCATION AND ITEM INFORMATION (KOHA)
Withdrawn status [LOCAL, KOHA] 0
952 ## - LOCATION AND ITEM INFORMATION (KOHA)
Withdrawn status [LOCAL, KOHA] 0
952 ## - LOCATION AND ITEM INFORMATION (KOHA)
Withdrawn status [LOCAL, KOHA] 0
952 ## - LOCATION AND ITEM INFORMATION (KOHA)
Withdrawn status [LOCAL, KOHA] 0
952 ## - LOCATION AND ITEM INFORMATION (KOHA)
Withdrawn status [LOCAL, KOHA] 0
Holdings
Permanent Location Date acquired Koha item type Lost status Shelving location Barcode Current Location Full call number
Library Block B2015-10-26AVM B111RUA015356Library Block BAVM CHE 2013 B111 Or.1
Library Block B2015-10-26AVM B111RUA008852Library Block BAVM CHE 2013 B111 Or.2
Library Block B2015-10-26AVM B111RUA008594Library Block BAVM CHE 2013 B111 Or.3
Library Block B2015-10-26AVM B111RUA008455Library Block BAVM CHE 2013 B111 Or.4
Library Block B2015-10-26AVM B111RUA008863Library Block BAVM CHE 2013 B111 Or.5
Library Block B2015-10-26AVM B111RUA012105Library Block BAVM CHE 2013 B111 Or.6
Library Block B2015-10-26AVM B111RUA008791Library Block BAVM CHE 2013 B111 Or.7
មជ្ឈមណ្ឌលឯការនៃសាកលវិទ្យាល័យភូមិន្ទកសិកម្មចំការដូង

Powered by Koha